000 00381nam a22001697a 4500
005 20160621115749.0
008 160621b xxu||||| |||| 00| 0 eng d
020 _a81-203-1252-x
041 _aeng
082 _b8705
100 _aMajumder, Ramanuj
_92380
245 _aProduct Management in India
260 _bPHI
300 _a342
650 _aManagement
_9241
942 _cBK
999 _c3365
_d3364